00255nam a22000857a 4500082001500000100001500015245007000030260006100100300000800161 a541.38 TIW aP.N.Tiwari aFundamentals of Nuclear science for Agricultureist and Biologists aNew DelhibIndian Agricultural Research Institutec1972 a110